The Strokes Songs by Synonyms - Statistics

General Stats
  • This quiz has been taken 237 times
  • The average score is 9 of 15
Answer Stats
Hint Answer % Correct
Difficult to Clarify Hard to Explain
95%
Terrible Choices Bad Decisions
88%
Hardly Lawful Barely Legal
82%
Cardiac in a Box Heart in a Cage
78%
The Current Era The Modern Age
77%
By the Gate At the Door
76%
Picked for a Buffoon Taken for a Fool
69%
9 'til 1 12:51
66%
The Terminal is without Finish The End has no End
62%
Beard Trimmer Razorblade
54%
Reception to Nihon Welcome to Japan
44%
Altruistic Selfless
40%
Risk of Elation Threat of Joy
32%
Squamata Reptilia
31%
Pastimes Games
13%
No matching quizzes found
Score Distribution
Percent of People with Each Score
Percentile by Number Answered
Your Score History
You have not taken this quiz